| 000 | 00400nam a22001577a 4500 | ||
|---|---|---|---|
| 003 | CEME | ||
| 005 | 20210628201956.0 | ||
| 008 | 210416b xxu||||| |||| 00| 0 eng d | ||
| 040 | _c. | ||
| 082 | _a511.33 GOL'T | ||
| 100 |
_a Goltman, S _957678 |
||
| 245 | _a Transformation calculus and electrical transmission | ||
| 260 |
_aNEWYORK _bPRENTICE HALL _c1949 |
||
| 300 | _a439P | ||
| 942 |
_cBK _2ddc |
||
| 999 |
_c567951 _d567951 |
||